000 01200nam a22002057a 4500
005 20210325204913.0
008 s2553 th tha d
041 _atha
050 _aPL4206.6 ค352 2553
100 0 _aธงทอง จันทราศุ, บรรณาธิการ
245 1 0 _aคำกลอนสรรเสริญพระบารมีพระบาทสมเด็จฯ พระจุลจอมเกล้าเจ้าอยู่หัว ภาคที่ 1 ถึงภาคที่ 3
260 3 _aกรุงเทพฯ :
_bเอส.ซี. พริ้นท์แอนด์แพค,
_c2553
300 _a63, 109, 96 หน้า :
_b ภาพประกอบ ;
_c 21 ซม.
650 0 4 _aจุลจอมเกล้าเจ้าอยู่หัว, พระบาทสมเด็จพระ -- กวีนิพนธ์เฉลิมพระเกียรติ
850 _aNALT
942 _cGB
997 _aบ 23310 ฉ.1 บ 24523 ฉ.2
997 _c000000000062114
998 _aนางสาวสุพันดา สุภาพ
999 _c62114
_d62114